| 000 | 00519nam a2200193 a 4500 | ||
|---|---|---|---|
| 005 | 20140412111358.0 | ||
| 008 | 060126s19uu xx 00 eng d | ||
| 020 | _a0-439-27667-5 | ||
| 050 |
_aTR(PS E _bMy99 1991 |
||
| 050 |
_aTR(PS E _bM85 1980 |
||
| 100 | _aMost, Bernard | ||
| 245 |
_aMy very own octopus / _cby Bernard Most. |
||
| 260 |
_aNew York : _bScholastic Inc., _c1991. |
||
| 300 | _a1 v. (unp.) ; ill. | ||
| 650 |
_aPets _xFiction |
||
| 650 | _aChildren stories | ||
| 999 |
_c105430 _d105430 |
||